| 000 | 00432nam a2200145 a 4500 | ||
|---|---|---|---|
| 001 | 000041843 | ||
| 005 | 20201002035803.0 | ||
| 008 | 131018s1972 xxu 000 0 spa d | ||
| 040 |
_aDO-SdBNP _bspa _cBNPHU |
||
| 082 |
_axxxxx _bxxxxx |
||
| 245 | 0 | 3 | _aLo más importante es el amor. |
| 260 |
_aIllinois : _bLa liga biblica mundial, _c1972. |
||
| 300 |
_a319 p. ; _c20 cm. |
||
| 500 | _aIncluye referencias y notas al pie de las páginas | ||
| 999 |
_c41332 _d41332 |
||